=LDR 00000nam 2200000 4500 =001 NUTBA000000000003169 =005 20140805105958.0 =006 =007 =008 =020 ##$$a 978-979-8598-58-6 =035 ##$$a 0010-081400000000013 =040 ##$$a NBPDMAT =082 ##$$a 510 =090 ##$$a 510 $b Irz m =100 ##$$a Irzani =245 ##$$a Matematika 1 untuk calon guru SD/MI / $c Irzani =260 ##$$a Yogyakarta : $b Kurnia Kalam Semesta, $c 2010 =300 ##$$a ix, 151 hlm. =650 ##$$a Matematika =990 ##$$a 21406847